Cultural Foundations of Education : A Biographical Introduction /
Gardado en:
| Autor Principal: | |
|---|---|
| Formato: | Libro |
| Idioma: | inglés |
| Publicado: |
Nueva York, EUA :
Macmillan,
1991, c1991::::
|
| Temas: | |
| Etiquetas: |
Sen Etiquetas, Sexa o primeiro en etiquetar este rexistro!
|
MARC
| LEADER | 00000nam^a2200000^a^4500 | ||
|---|---|---|---|
| 001 | 000182234 | ||
| 005 | 20250523000000.0 | ||
| 009 | 20260310102000.397 | ||
| 020 | |a 0-02-348371-7 | ||
| 037 | |a Acervo ITESO - Biblioteca | ||
| 041 | |a ING | ||
| 082 | |a 370. 192 |b GUT | ||
| 100 | |a Guterk, Gerald L. |e (autor) | ||
| 245 | 1 | 0 | |a Cultural Foundations of Education : |b A Biographical Introduction / |c G.L. Guterk. |
| 264 | 4 | |a Nueva York, EUA : |b Macmillan, |c 1991, c1991:::: | |
| 300 | |a VIII, 407 p. | ||
| 336 | |a texto |b txt |2 rdacontenido | ||
| 337 | |a sin mediación |b n |2 rdamedio | ||
| 338 | |a volumen |b nc |2 rdasoporte | ||
| 649 | |a XX | ||
| 650 | |a Educadores - |x Biografías | ||
| 650 | |a Intelectuales - |x Biografías | ||
| 650 | |a Educación y Sociedad | ||
| 650 | |a Reproducción Social | ||
| 650 | |a Filosofía de la Educación | ||
| 650 | |a Sociología de la Educación | ||
| 650 | |a Investigación Educativa | ||
| 650 | |a Platón | ||
| 650 | |a Aquino, Tomás de, Santo | ||
| 650 | |a Calvino, Jean | ||
| 650 | |a Rousseau, Jean-Jacques | ||
| 650 | |a Pestalozzi, Juan Enrique | ||
| 650 | |a Jefferson, Thomas | ||
| 650 | |a Mann, Horacio | ||
| 650 | |a Owen, Robert | ||
| 650 | |a Fröbel, Friedrich | ||
| 650 | |a Spencer, Herbert | ||
| 600 | |a Lenin | ||
| 650 | |a Addams, Jane | ||
| 650 | |a Montessori, Maria | ||
| 650 | |a Dewey, John | ||
| 650 | |a Du Bois, W.E.B. | ||
| 600 | |a Erasmo de Rotterdam | ||
| 600 | |a Gandhi, Mahatma | ||
| 910 | |a Fondo General | ||
| 920 | |a Impresos - Libros | ||
| 930 | |a Colección General | ||
| 905 | |a 101 | ||
| 901 | |a 0500122255 |b IT1 |c ACC |u 20250521 | ||
| 902 | |a https://opac.biblio.iteso.mx/vufind/Record/000182234 | ||